000 00304nam a22001337a 4500
008 260218b ||||| |||| 00| 0 eng d
020 _a9789951440172
041 _aShqip
080 _a2.1
100 _a20.1
101 _aRoman
245 _aDritë për Atdheun
_cSefedin Përgjegjaj
942 _2lcc
_cBK
999 _c60814
_d60814